Transhumanar y organizar

Đã lưu trong:
Chi tiết về thư mục
Tác giả chính: Pasolini, Pier Paolo (autor)
Định dạng: Sách
Ngôn ngữ:Tiếng Tây Ban Nha
Được phát hành: Madrid Visor Libros 2002
Phiên bản:2a. ed
Loạt:Colección Visor de Poesía, 139
Những chủ đề:
Các nhãn: Thêm thẻ
Không có thẻ, Là người đầu tiên thẻ bản ghi này!

MARC

LEADER 00000cam a2200000 a 4500
001 UCC7254
003 CL-VaPUC
008 190315e20020000sp |||||||||||||||||spa|d
020 |a 9788475221394 
082 0 4 |a 850.92  |b PAS  |2 21 
100 |a Pasolini, Pier Paolo  |e autor  |9 880852 
245 1 0 |a Transhumanar y organizar 
250 |a 2a. ed 
300 |a 207 p 
942 |c BK 
945 |d 20190315 15:58:00  |a dcastane 
260 |a Madrid  |b Visor Libros  |c 2002 
650 0 |a Literatura italiana  |9 266970 
650 0 |a Poesías italianas  |9 265352 
583 |a last modification  |c 20190315 15:58:00  |k Rodrigo Vera 
490 0 |a Colección Visor de Poesía, 139 
999 |c 373939  |d 373937 
952 |0 0  |1 0  |3 erb  |4 0  |6 850_920000000000000_PAS_2002  |7 0  |8 A  |9 492271  |a BIBART  |b BIBART  |i 5536898  |o 850.92 PAS 2002  |p 5536898  |r 2025-03-13  |w 2019-11-24  |y BK  |z Catalogado en:20190315  |k ART